1999 1190 1815 1853 1148 1913 1322 1187 1495 1379 1825 1990 1399 1000 1818 1264 1131 1669 1730 1028 1094 1527 1202 1489 1556 1459 1873 1523 1101 1675 1483 1736 1393 1561 1927 1000 1532 1437 1241 1430 1795 1176 1337 1940 1222 1357 1553 1319 1498 1069 1470 1446 1596 1736 1810 1633 1054 1272 1509 1831 1828 1436 1281 1327 1636 1204 1466 1108 1533 1899 1009 1947 1341 1456 1432 1582 1476 1641 1774 1537 1364 1515 1391 1892 1466 1266 1321 1540 1433 1514 1284 1125 1114 1517 1733 1297 1796 1927 1435 BCNSPRNW ULIB Ver.6.0+V

เปลี่ยนเป็นภาษาไทย

Change to English
 แสดงรายละเอียดบรรณานุกรม
  กลับหน้าหลัก

Brief Record : Get Marc (ISO 2709) : E-mail record : QR code < ปิดหน้าต่าง
LEADER : 00000nam 2200000uu 4500
001    13399112852
003     ULIB
008    110914s2551||||th 000 0 tha d
020    9789740440017
090    นว.^bบ111จ 2551
100 0  เฉียวอัน
245 00 จอมใจนายทัพ/^cเฉียวอัน
250    พิมพ์ครั้งที่ 1
260    กรุงเทพฯ :^bแจ่มใส,^c2551
300    266 หน้า
710 1  แจ่มใส
945    ^p179^l0^i15020
995    กัณชพร
999    ^aใช้งานได้ทุกระบบ
รายการนี้ยังไม่มีแท็ก
คุณยังไม่ได้ล็อกอิน คุณสามารถมีกิจกรรมร่วมกับเว็บไซต์ได้ แต่ต้องล็อกอินก่อน ::
  ล็อกอิน

รายการสื่อสารสนเทศ

ลำดับที่ ประเภท เลขเรียก/บาร์โค้ด สถานที่ สถานะ
1. วิทยาศาสตร์การแพทย์ และสุขภาพ
วิทยาศาสตร์การแพทย์ และสุขภาพ
นว. บ111จ 2551  
  Barcode: 15020
ห้องสมุดวิทยาเขตสวรรค์ประชารักษ์
►นวนิยาย
บนชั้น
  ขอยืม

รายการใกล้เคียง
    ผู้แต่ง [เฉียวอัน]

BibComment


ยังไม่เคยถูกคอมเมนท์

คอมเมนท์ทรัพยากรรายการนี้
  คอมเมนท์: จอมใจนายทัพ เฉียว..


 Copyright 2026. Bcnsprnw @Library